00221nam a2200073Ia 4500008004100000082000800041100002100049245007700070240331s9999 xx 000 0 und d bWIJ aWijayathilake, D 0aCases field under the prevention of domestic violence act, No.34 of 2005